[Event "27th Heraklion Open 2019"]
[Site "Heraklion"]
[Date "2019.09.09"]
[Round "8.9"]
[White "Alquist, Erik"]
[Black "Koumis, Filippos"]
[Result "1-0"]
[WhiteElo "2020"]
[BlackElo "1601"]
[Annotator "NA RC"]
[PlyCount "109"]
[EventDate "2019.09.03"]
[EventType "swiss"]
[EventCountry "GRE"]
[SourceTitle "playchess.com"]
[Source "ChessBase"]
[SourceQuality "1"]
[TimeControl "40/5400+30:1800+30"]

1. e4 c5 2. Nf3 d6 3. d4 cxd4 4. Nxd4 Nf6 5. Nc3 a6 6. Bg5 e6 7. f4 Be7 8. Qf3 Qc7 9. O-O-O b5 10. e5 Bb7 11. Qg3 dxe5 12. fxe5 Nh5 13. Qh4 Bxg5+ 14. Qxg5 g6 15. Bd3 Qe7 16. Qe3 Bxg2 17. Rhg1 Bb7 18. Be4 O-O 19. Rg5 Bxe4 20. Nxe4 f5 21. Nd6 Nd7 22. Rdg1 f4 23. Qe2 f3 24. Nxf3 Nf4 25. Qe3 Rad8 26. R5g4 Ne2+ 27. Qxe2 Rxf3 28. Re4 Nxe5 29. Rxe5 Qxd6 30. Rxe6 Qf4+ 31. Kb1 Rf8 32. a3 Rf1+ 33. Rxf1 Qxf1+ 34. Ka2 Qxe2 35. Rxe2 Rf6 36. Kb3 g5 37. a4 bxa4+ 38. Kxa4 h5 39. b4 g4 40. c4 h4 41. b5 g3 42. hxg3 hxg3 43. Rg2 axb5+ 44. cxb5 Rf4+ 45. Ka5 Rf3 46. b6 Rf5+ 47. Ka6 Rf3 48. b7 Ra3+ 49. Kb6 Rb3+ 50. Kc6 Rc3+ 51. Kd5 Rd3+ 52. Kc4 Rd8 53. Rxg3+ Kf7 54. Kc5 Ke7 55. Re3+ 1-0

[Event "27th Heraklion Open 2019"]
[Site "Heraklion"]
[Date "2019.09.09"]
[Round "8.10"]
[White "Lithoxoos, Theodoros"]
[Black "Bras, Emmanouel"]
[Result "0-1"]
[WhiteElo "1685"]
[BlackElo "1838"]
[Annotator "NA RC"]
[PlyCount "66"]
[EventDate "2019.09.03"]
[EventType "swiss"]
[EventCountry "GRE"]
[SourceTitle "playchess.com"]
[Source "ChessBase"]
[SourceQuality "1"]
[TimeControl "40/5400+30:1800+30"]

1. Nf3 d5 2. g3 Nf6 3. Bg2 Bf5 4. O-O c6 5. d3 e6 6. Nbd2 Be7 7. b3 O-O 8. Bb2 Bg6 9. Qe1 Na6 10. a3 Nc5 11. Ne5 Nfd7 12. Nxg6 hxg6 13. d4 Bf6 14. c3 Na6 15. e4 Nc7 16. e5 Be7 17. f4 c5 18. g4 b5 19. f5 gxf5 20. gxf5 exf5 21. Rxf5 cxd4 22. cxd4 Nb6 23. Qg3 Ne6 24. Rh5 g6 25. Rf1 Bg5 26. Nf3 gxh5 27. h4 f6 28. Bh3 Nf4 29. Kh2 Nxh3 30. Kxh3 Qd7+ 31. Kh2 Qg4 32. Rg1 Be3 33. Rg2 Qxg3+ 0-1

[Event "27th Heraklion Open 2019"]
[Site "Heraklion"]
[Date "2019.09.09"]
[Round "8.11"]
[White "Mavridis, Athanasios"]
[Black "Fragkiadakis, Emmanouel"]
[Result "1/2-1/2"]
[WhiteElo "1493"]
[BlackElo "1743"]
[Annotator "NA RC"]
[PlyCount "83"]
[EventDate "2019.09.03"]
[EventType "swiss"]
[EventCountry "GRE"]
[SourceTitle "playchess.com"]
[Source "ChessBase"]
[SourceQuality "1"]
[TimeControl "40/5400+30:1800+30"]

1. Nf3 Nf6 2. c4 c5 3. d4 cxd4 4. Nxd4 b6 5. Nc3 Bb7 6. Qc2 Nc6 7. Nxc6 dxc6 8. Bf4 e6 9. a3 Qe7 10. e4 e5 11. Bg5 h6 12. Bd2 Qe6 13. Be2 Bc5 14. Nd1 Bd4 15. Be3 c5 16. f3 O-O 17. Bxd4 exd4 18. O-O Nd7 19. Nf2 Rae8 20. Rfe1 Qd6 21. Nd3 f5 22. exf5 Rxf5 23. Bf1 Ref8 24. Qe2 R8f6 25. Qe7 Qc6 26. Ne5 Nxe5 27. Rxe5 Rxf3 28. Qe8+ Qxe8 29. Rxe8+ Rf8 30. Re7 R3f7 31. Rae1 Rxe7 32. Rxe7 Rf7 33. Re8+ Kh7 34. Bd3+ g6 35. Re6 Rg7 36. b4 h5 37. bxc5 bxc5 38. Re5 Kh6 39. Rxc5 Re7 40. Rb5 Bc6 41. Rc5 Bb7 42. Rb5 1/2-1/2

[Event "27th Heraklion Open 2019"]
[Site "Heraklion"]
[Date "2019.09.09"]
[Round "8.12"]
[White "Vlatas, Dimitrios"]
[Black "Koutsourakis, Ioannis"]
[Result "0-1"]
[WhiteElo "1393"]
[BlackElo "1739"]
[Annotator "NA RC"]
[PlyCount "38"]
[EventDate "2019.09.03"]
[EventType "swiss"]
[EventCountry "GRE"]
[SourceTitle "playchess.com"]
[Source "ChessBase"]
[SourceQuality "1"]
[TimeControl "40/5400+30:1800+30"]

1. e4 e5 2. Nf3 Nc6 3. Bc4 Bc5 4. d3 Nf6 5. Nc3 h6 6. Be3 Bb6 7. Nd5 d6 8. Nxb6 axb6 9. c3 O-O 10. h3 d5 11. exd5 Nxd5 12. O-O Be6 13. Bb3 Nxe3 14. fxe3 Bxb3 15. Qxb3 Qxd3 16. Rfe1 Rad8 17. Rad1 Qe4 18. Kf2 Na5 19. Qb4 Qc2+ 0-1

[Event "27th Heraklion Open 2019"]
[Site "Heraklion"]
[Date "2019.09.09"]
[Round "8.13"]
[White "Xirouhakis, Emmanouil"]
[Black "Vitsaxaki, Iris"]
[Result "1/2-1/2"]
[WhiteElo "1574"]
[BlackElo "1494"]
[Annotator "NA RC"]
[PlyCount "39"]
[EventDate "2019.09.03"]
[EventType "swiss"]
[EventCountry "GRE"]
[SourceTitle "playchess.com"]
[Source "ChessBase"]
[SourceQuality "1"]
[TimeControl "40/5400+30:1800+30"]

1. d4 d5 2. c4 e6 3. Nc3 Nf6 4. cxd5 exd5 5. Bg5 Be7 6. e3 c6 7. Bd3 Nbd7 8. Nge2 h6 9. Bh4 Nh5 10. Bxe7 Qxe7 11. O-O O-O 12. a3 a5 13. Qc2 Nb6 14. Qb3 Qc7 15. Rfc1 Be6 16. Na4 Nxa4 17. Qxa4 Rfc8 18. Qb3 Qd7 19. Qb6 Qc7 20. Qb3 1/2-1/2

[Event "27th Heraklion Open 2019"]
[Site "Heraklion"]
[Date "2019.09.09"]
[Round "8.14"]
[White "Kazakos, Nikolaos"]
[Black "Burnett, Leon P"]
[Result "1/2-1/2"]
[WhiteElo "1514"]
[BlackElo "1849"]
[Annotator "NA RC"]
[PlyCount "66"]
[EventDate "2019.09.03"]
[EventType "swiss"]
[EventCountry "GRE"]
[SourceTitle "playchess.com"]
[Source "ChessBase"]
[SourceQuality "1"]
[TimeControl "40/5400+30:1800+30"]

1. e4 g6 2. d4 Bg7 3. Nc3 c6 4. Be3 d5 5. f3 dxe4 6. fxe4 Nf6 7. Nf3 Nbd7 8. h3 Qc7 9. e5 Nd5 10. Nxd5 cxd5 11. Bd3 f6 12. exf6 exf6 13. Qd2 Qg3+ 14. Qf2 Qxf2+ 15. Kxf2 Nb6 16. Rhe1 Kf7 17. Bf4 Be6 18. Rac1 Rac8 19. b3 a6 20. Nd2 Rc6 21. a4 Bf8 22. Nf3 Ba3 23. Ra1 Bb4 24. Bd2 Bd6 25. Rac1 Rhc8 26. Red1 Ba3 27. Ra1 Bd6 28. Rac1 Kg7 29. Re1 Bf7 30. Re2 Nd7 31. g3 f5 32. Ng5 Nf6 33. Nf3 Nd7 1/2-1/2

[Event "27th Heraklion Open 2019"]
[Site "Heraklion"]
[Date "2019.09.09"]
[Round "8.15"]
[White "Dagkonaki, Aspasia"]
[Black "Westman, Lennart"]
[Result "1/2-1/2"]
[WhiteElo "1413"]
[BlackElo "1700"]
[Annotator "NA RC"]
[PlyCount "158"]
[EventDate "2019.09.03"]
[EventType "swiss"]
[EventCountry "GRE"]
[SourceTitle "playchess.com"]
[Source "ChessBase"]
[SourceQuality "1"]
[TimeControl "40/5400+30:1800+30"]

1. e4 d6 2. Nf3 Nf6 3. Nc3 Nbd7 4. Bc4 h6 5. d3 e5 6. h3 Be7 7. Be3 O-O 8. O-O c6 9. Bb3 Nb6 10. Re1 Be6 11. Ne2 Bxb3 12. axb3 Re8 13. Ng3 Bf8 14. Qc1 Kh7 15. Nf5 Ng8 16. g4 g6 17. Ng3 f6 18. h4 d5 19. g5 Qd7 20. Kg2 d4 21. Bd2 Qf7 22. Rh1 Nd7 23. gxh6 Bxh6 24. h5 g5 25. Nf5 Qf8 26. Rh2 Re6 27. Nxh6 Nxh6 28. Bxg5 Nf7 29. Bd2 a6 30. Kh1 Qc5 31. Nh4 Rg8 32. Nf5 Ree8 33. b4 Qb6 34. Qd1 Ng5 35. Qe2 Qc7 36. Rg1 c5 37. bxc5 Qxc5 38. Bc1 Nf8 39. Rhg2 Nfe6 40. Rg4 Rc8 41. Bxg5 Nxg5 42. Rc1 a5 43. c4 dxc3 44. Rxc3 Qb4 45. Qc2 Rxc3 46. bxc3 Qc5 47. Ne3 Qc8 48. Nd5 Qe6 49. Rg3 Kh8 50. f4 exf4 51. Nxf4 Qc6 52. Ng6+ Kh7 53. Ne7 Qd6 54. Nxg8 Qxg3 55. Nxf6+ Kg7 56. Nd5 Nf3 57. Qg2 Qxg2+ 58. Kxg2 Ne1+ 59. Kg3 Nxd3 60. Nb6 Nc5 61. Kf4 a4 62. Nc4 Ne6+ 63. Ke5 Nc7 64. Na3 Kh6 65. Kd6 Ne8+ 66. Kc5 Kxh5 67. e5 Kg6 68. Kb4 Kf5 69. Nc4 Nc7 70. Kxa4 b5+ 71. Kb4 bxc4 72. Kxc4 Kxe5 73. Kc5 Ne6+ 74. Kc6 Kf6 75. Kd6 Kf5 76. c4 Kf6 77. Kd5 Kf5 78. Kd6 Kf6 79. Kd5 Kf5 {Ke4+ Ke5+} 1/2-1/2

[Event "27th Heraklion Open 2019"]
[Site "Heraklion"]
[Date "2019.09.09"]
[Round "8.16"]
[White "Stathatos, Alexandros"]
[Black "Natoli, Domenico"]
[Result "1-0"]
[WhiteElo "1387"]
[BlackElo "1694"]
[Annotator "NA RC"]
[PlyCount "43"]
[EventDate "2019.09.03"]
[EventType "swiss"]
[EventCountry "GRE"]
[SourceTitle "playchess.com"]
[Source "ChessBase"]
[SourceQuality "1"]
[TimeControl "40/5400+30:1800+30"]

1. e4 c5 2. Nf3 d6 3. d4 cxd4 4. Nxd4 Nf6 5. Nc3 a6 6. Bg5 Nbd7 7. f4 Qc7 8. Qf3 b5 9. O-O-O Bb7 10. a3 g6 11. g4 Bg7 12. Bxf6 Bxf6 13. g5 Bg7 14. h4 e5 15. Ndxb5 axb5 16. Nxb5 Qc6 17. Nxd6+ Ke7 18. Bb5 Qb6 19. Qb3 Rhf8 20. Nf5+ gxf5 21. Rxd7+ Ke8 22. Rxb7+ 1-0

[Event "27th Heraklion Open 2019"]
[Site "Heraklion"]
[Date "2019.09.09"]
[Round "8.17"]
[White "Petratos, Georgios"]
[Black "Kealar, Konstantinos"]
[Result "1/2-1/2"]
[WhiteElo "1567"]
[BlackElo "1270"]
[Annotator "NA RC"]
[PlyCount "107"]
[EventDate "2019.09.03"]
[EventType "swiss"]
[EventCountry "GRE"]
[SourceTitle "playchess.com"]
[Source "ChessBase"]
[SourceQuality "1"]
[TimeControl "40/5400+30:1800+30"]

1. e4 c5 2. Ne2 Nc6 3. d4 e6 4. c3 Qb6 5. g3 cxd4 6. cxd4 g6 7. Bg2 Bg7 8. e5 Nge7 9. Nbc3 Nf5 10. Be3 Qxb2 11. Rb1 Qa3 12. Nb5 Qa5+ 13. Bd2 Qd8 14. g4 Nh4 15. Nd6+ Kf8 16. Be4 Kg8 17. O-O h5 18. g5 b6 19. f4 Rb8 20. d5 Ne7 21. dxe6 dxe6 22. Nd4 Nhf5 23. N4xf5 Nxf5 24. Bxf5 exf5 25. Be3 Be6 26. Qa4 Qe7 27. Rbc1 Kh7 28. Rc3 Rhd8 29. Rfc1 Rxd6 30. exd6 Qxd6 31. Rd1 Qe7 32. Rcd3 b5 33. Qxa7 Qxa7 34. Bxa7 Ra8 35. Bd4 Rxa2 36. R1d2 b4 37. Rxa2 Bxa2 38. Bxg7 Kxg7 39. Rd4 b3 40. Rb4 Kf8 41. Rb7 Ke8 42. Kf2 Kd8 43. Ke3 Kc8 44. Rb4 Kc7 45. Kd4 Kd6 46. h4 Kc6 47. Ke5 Kc5 48. Rb8 Kc4 49. Kf6 Kc3 50. Kxf7 b2+ 51. Kxg6 Bb3 52. Rc8+ Bc4 53. Rb8 Bb3 54. Rc8+ 1/2-1/2

[Event "27th Heraklion Open 2019"]
[Site "Heraklion"]
[Date "2019.09.09"]
[Round "8.18"]
[White "Mavridis, Emmanouel"]
[Black "Koutsouraki, Ariadni"]
[Result "0-1"]
[WhiteElo "1268"]
[BlackElo "1516"]
[Annotator "NA RC"]
[PlyCount "121"]
[EventDate "2019.09.03"]
[EventType "swiss"]
[EventCountry "GRE"]
[SourceTitle "playchess.com"]
[Source "ChessBase"]
[SourceQuality "1"]
[TimeControl "40/5400+30:1800+30"]

1. d4 d5 2. c4 e6 3. Nc3 Nf6 4. Bg5 Be7 5. Nf3 c6 6. e3 Nbd7 7. Be2 h6 8. Bh4 O-O 9. O-O b6 10. cxd5 cxd5 11. Bb5 Bb7 12. Rc1 a6 13. Bd3 b5 14. Ne2 Nb6 15. Ne5 Nc4 16. Bxc4 dxc4 17. b3 Ba3 18. Rb1 Be4 19. Ng4 Bxb1 20. Qxb1 Be7 21. Ne5 cxb3 22. Qxb3 Rc8 23. Nf4 Qd6 24. Bg3 Ne4 25. Qd3 Nxg3 26. hxg3 Bf6 27. Ng4 Be7 28. Ne5 Qa3 29. Qe2 Rc1 30. Rxc1 Qxc1+ 31. Kh2 Bd6 32. Qg4 Bxe5 33. dxe5 Qc4 34. Qf3 Qxa2 35. Nh5 Qd5 36. Qg4 Qxe5 37. f4 Qc3 38. e4 Kh7 39. e5 Rg8 40. Qe2 Qc4 41. Qe3 Rc8 42. Qa7 Qc7 43. Qxa6 b4 44. Qd3+ Kh8 45. g4 Qe7 46. g3 Rc3 47. Qb5 Rc2+ 48. Kh3 Rc8 49. Qb6 Kg8 50. Qb5 Qc5 51. Qb7 Qc4 52. Kh4 Qc2 53. g5 hxg5+ 54. Kxg5 b3 55. g4 b2 56. Nf6+ gxf6+ 57. Kxf6 Rf8 58. f5 b1=Q 59. Qd7 exf5 60. gxf5 Qbc1 61. Qd6 0-1

[Event "27th Heraklion Open 2019"]
[Site "Heraklion"]
[Date "2019.09.09"]
[Round "8.19"]
[White "Roditakis, Emmanouil"]
[Black "Borbantonakis, Ioannis"]
[Result "0-1"]
[WhiteElo "1193"]
[BlackElo "1635"]
[Annotator "NA"]
[PlyCount "70"]
[EventDate "2019.09.03"]
[EventType "swiss"]
[EventCountry "GRE"]
[SourceTitle "playchess.com"]
[Source "ChessBase"]
[SourceQuality "1"]
[TimeControl "40/5400+30:1800+30"]

1. e4 d6 2. Nf3 Nf6 3. Nc3 g6 4. Bc4 Bg7 5. d3 a6 6. h3 O-O 7. Be3 b5 8. Bb3 c5 9. a3 Nc6 10. Qd2 Bb7 11. Bh6 Na5 12. Ba2 Qc7 13. Bxg7 Kxg7 14. Ng5 c4 15. Rc1 d5 16. exd5 Rad8 17. O-O Nxd5 18. Nxd5 Rxd5 19. Qc3+ Qe5 20. Qxe5+ Rxe5 21. Nf3 Rh5 22. Nd2 Rd8 23. Nb1 cxd3 24. cxd3 Rxd3 25. Rc3 Rxc3 26. Nxc3 Nc4 27. Bxc4 bxc4 28. Ne2 Rb5 29. Rb1 Be4 30. Rc1 Rb4 31. b3 Rxb3 32. Nc3 Rb2 33. Na4 Bd3 34. Rb1 Bxb1 35. Nxb2 c3 0-1

[Event "27th Heraklion Open 2019"]
[Site "Heraklion"]
[Date "2019.09.10"]
[Round "9.1"]
[White "Putrenko, Kirill"]
[Black "Levin, Evgeny A."]
[Result "1/2-1/2"]
[WhiteElo "1974"]
[BlackElo "2511"]
[Annotator "TA"]
[PlyCount "36"]
[EventDate "2019.09.03"]
[EventType "swiss"]
[EventCountry "GRE"]
[SourceTitle "playchess.com"]
[Source "ChessBase"]
[SourceQuality "1"]

{[%evp 19,30,34,19,14,16,8,41,10,12,8,19,37,27]} 1. d4 Nf6 2. c4 g6 3. Nc3 Bg7 4. e4 d6 5. Be2 O-O 6. Bg5 c5 7. d5 h6 8. Bf4 e6 9. dxe6 Bxe6 10. Bxd6 Re8 11. e5 {E74: King's Indian: Averbakh Variation: 6...c5} (11. Nf3 Nc6 12. O-O Qa5 13. Qb3 Nd4 14. Nxd4 cxd4 15. Nd5 Nxe4 16. Bb4 Qd8 17. Bd3 Nf6 18. Nxf6+ Bxf6 19. Bd2 b5 20. Qxb5 {1-0 (55) Gorovets,A (2517)-Grigoryan,K (2581) chess.com INT 2018}) 11... Nfd7 12. f4 $1 g5 13. Nf3 {next Nb5 is good for White.} gxf4 14. Qc2 Nc6 {[%cal Rd7e5]} 15. O-O-O Qc8 {Predecessor:} 16. Rhf1 $146 Ndxe5 17. Nxe5 Nxe5 18. Rxf4 Ng6 {½-½ (28) Rada,H (2406)-Ritsema,R (2427) ICCF email 2016} 1/2-1/2

[Event "27th Heraklion Open 2019"]
[Site "Heraklion"]
[Date "2019.09.10"]
[Round "9.2"]
[White "Moiseenko, Vadim"]
[Black "Bogdanov, Egor"]
[Result "1/2-1/2"]
[WhiteElo "2543"]
[BlackElo "2422"]
[Annotator "TA"]
[PlyCount "37"]
[EventDate "2019.09.03"]
[EventType "swiss"]
[EventCountry "GRE"]
[SourceTitle "playchess.com"]
[Source "ChessBase"]
[SourceQuality "1"]

{[%evp 19,20,21,13]} 1. e4 d6 2. d4 Nf6 3. Nc3 g6 4. g3 Bg7 5. Bg2 O-O 6. Nge2 e5 7. O-O exd4 8. Nxd4 Nbd7 9. h3 Re8 10. Re1 Nc5 {Predecessor:} 11. Nb3 $146 Nfd7 12. h4 Nxb3 13. axb3 Ne5 14. Bg5 f6 15. Bf4 Be6 16. Be3 a6 17. Qd2 Qd7 18. f3 f5 19. Rad1 {½-½ (30) Delorme,A (2510)-Srinath,R (2426) Szczawno Zdroj 2018} 1/2-1/2

[Event "27th Heraklion Open 2019"]
[Site "Heraklion"]
[Date "2019.09.10"]
[Round "9.3"]
[White "Mirzoev, Emil"]
[Black "Brokalakis - Gounaris, Christos"]
[Result "1-0"]
[WhiteElo "2477"]
[BlackElo "1977"]
[Annotator "TA"]
[PlyCount "47"]
[EventDate "2019.09.03"]
[EventType "swiss"]
[EventCountry "GRE"]
[SourceTitle "playchess.com"]
[Source "ChessBase"]
[SourceQuality "1"]

{[%evp 20,47,55,45,33,31,54,49,57,53,28,21,29,41,91,80,146,141,140,138,271,275,257,205,661,641,645,637,781,779]} 1. c4 Nf6 2. Nc3 e6 3. e4 d5 4. e5 d4 5. exf6 dxc3 6. bxc3 Qxf6 7. Nf3 c5 8. d4 cxd4 9. Bg5 Qf5 10. cxd4 Bb4+ 11. Bd2 Bxd2+ {A18: English Opening: Flohr-Mikenas System (1 c4 Nf6 2 Nc3 e6 3 e4)} (11... Qa5 12. Bd3 Nc6 13. Rb1 Bxd2+ 14. Qxd2 Rb8 15. Rb5 Qxd2+ 16. Kxd2 b6 17. d5 Nd8 18. Rhb1 Bd7 19. Ra5 {1-0 (27) Wang,H (2713)-Saduakassova,D (2479) Hanoi 2018}) 12. Qxd2 O-O 13. Bd3 Qf6 {White is slightly better.} 14. O-O Nc6 {[#]} 15. Rfe1 $146 ({Predecessor:} 15. Be4 Rd8 16. Bxc6 bxc6 17. Qa5 c5 18. Qxc5 Bb7 19. Ne5 Qg5 20. g3 Qf5 21. Qc7 Be4 22. f3 Rac8 23. Qxa7 Bd3 24. g4 Qf4 25. Nxd3 {1-0 (25) Ghaem Maghami,E (2556)-Abo Hazeem,M (2058) Dubai 2014}) 15... Rd8 16. Rad1 $36 {[%mdl 2048] Black is under pressure.} b6 17. d5 $1 {[%cal Rd5c6]} exd5 ({Better is} 17... Ne7) 18. cxd5 $16 Na5 {[#]} 19. Ne5 $1 Bb7 (19... h5 $16 20. Qc2 Bg4) 20. d6 $1 $18 Nc6 21. f4 Rac8 $2 (21... Nxe5 22. fxe5 (22. Rxe5 g6 $16) 22... Qe6) 22. Bc4 {White is clearly winning.} Nxe5 23. fxe5 Qg6 24. e6 {Accuracy: White = 100%, Black = 24%.} 1-0

[Event "27th Heraklion Open 2019"]
[Site "Heraklion"]
[Date "2019.09.10"]
[Round "9.4"]
[White "Ivanov, Mike"]
[Black "Lirindzakis, Timotheos"]
[Result "1-0"]
[WhiteElo "2177"]
[BlackElo "2157"]
[Annotator "NA"]
[PlyCount "63"]
[EventDate "2019.09.03"]
[EventType "swiss"]
[EventCountry "GRE"]
[SourceTitle "playchess.com"]
[Source "ChessBase"]
[SourceQuality "1"]
[TimeControl "40/5400+30:1800+30"]

1. e4 e5 2. f4 d5 3. exd5 exf4 4. Nf3 Nf6 5. Be2 Nxd5 6. c4 Ne7 7. Nc3 Ng6 8. h4 h5 9. d4 c6 10. Bd3 Be7 11. Bxg6 fxg6 12. Bxf4 O-O 13. Qd2 Nd7 14. O-O-O Nb6 15. Ne5 Bf5 16. Bg5 Bf6 17. g4 hxg4 18. Rdg1 Qc8 19. h5 Bxe5 20. dxe5 gxh5 21. Rxh5 Bg6 22. Rh4 Qf5 23. Rhxg4 Bh5 24. Rh4 Bg6 25. Bf6 gxf6 26. Rhg4 Kf7 27. Rxg6 Rg8 28. e6+ Qxe6 29. Qh6 Rxg6 30. Qh7+ Kf8 31. Rxg6 Re8 32. Qg7# 1-0

[Event "27th Heraklion Open 2019"]
[Site "Heraklion"]
[Date "2019.09.10"]
[Round "9.5"]
[White "Bras, Emmanouel"]
[Black "Peng, Li Min"]
[Result "0-1"]
[WhiteElo "1838"]
[BlackElo "2465"]
[Annotator "ChessBase"]
[PlyCount "78"]
[EventDate "2019.09.03"]
[EventType "swiss"]
[EventCountry "GRE"]
[SourceTitle "playchess.com"]
[Source "ChessBase"]
[SourceQuality "1"]
[TimeControl "40/5400+30:1800+30"]

1. d4 Nf6 2. Nf3 g6 3. Bf4 Bg7 4. h3 d6 5. Nbd2 O-O 6. e4 Nfd7 7. Bg5 h6 8. Bh4 g5 9. Bg3 e6 10. Bc4 Kh8 11. c3 Qe7 12. Qe2 Nc6 13. O-O-O f5 14. exf5 exf5 15. Qxe7 Nxe7 16. Rhe1 Ng6 17. Bd3 Nf6 18. Ng1 Bd7 19. f3 Ba4 20. Bc2 Bxc2 21. Kxc2 h5 22. h4 g4 23. Bf2 f4 24. g3 fxg3 25. Bxg3 Nd5 26. fxg4 hxg4 27. Re4 Bh6 28. Rde1 Nf6 29. Re6 Kg7 30. Ne4 Nh5 31. Ne2 Rf3 32. Rg1 Re3 33. Kd1 Rxe2 34. Rxg6+ Kxg6 35. Kxe2 Re8 36. Kd3 d5 37. Ng5 Bxg5 38. hxg5 Nxg3 39. Rxg3 Kxg5 0-1

[Event "27th Heraklion Open 2019"]
[Site "Heraklion"]
[Date "2019.09.10"]
[Round "9.6"]
[White "Gretarsson, Helgi Ass"]
[Black "Alquist, Erik"]
[Result "1-0"]
[WhiteElo "2410"]
[BlackElo "2020"]
[Annotator "TA"]
[PlyCount "63"]
[EventDate "2019.09.03"]
[EventType "swiss"]
[EventCountry "GRE"]
[SourceTitle "playchess.com"]
[Source "ChessBase"]
[SourceQuality "1"]

{[%evp 15,63,0,0,-8,-8,-22,0,-16,-20,-29,-26,-64,-68,-70,-66,-64,0,-68,14,-68,0,-8,-2,-16,-23,-11,-13,-27,113,121,108,89,146,83,80,85,79,74,271,278,293,268,387,387,589,581,567,560,552,545]} 1. d4 Nf6 2. c4 g6 3. Nc3 Bg7 4. e4 d6 5. f4 c5 6. dxc5 Qa5 7. Bd3 Nfd7 8. Bd2 Nxc5 9. Bc2 {E76: King's Indian: Four Pawns Attack: Lines specific to 6 Nf3 move-order} Nc6 10. Nd5 Qd8 11. b4 {The position is equal.} Nd7 12. Rb1 (12. Nf3 e6 13. Ne3 a5 14. bxa5 O-O 15. Rb1 Nxa5 16. Bb4 Nc5 {½-½ (90) Leniart,A (2497)-Martinovic,S (2565) Slovakia 2018}) 12... e6 $146 ({Predecessor:} 12... O-O 13. Ne2 a5 14. b5 Nb4 15. Bxb4 axb4 16. Nxb4 Nf6 {0-1 (34) Moes,J (1879)-Booij,R (2379) ICCF email 2012}) 13. Nc3 {[%cal Bd5c3,Bc3e4,Be4g5][%mdl 32]} Nb6 14. Bd3 O-O 15. Nf3 f5 (15... d5 $15 16. c5 dxe4 17. Bxe4 Nc4) 16. Qb3 (16. exf5 $11 exf5 17. O-O) 16... Kh8 (16... a5 $15 17. bxa5 Nd7) 17. h4 (17. O-O $11) 17... fxe4 (17... e5 $1 $15 18. h5 gxh5) 18. Nxe4 $11 {Threatens to win with h5.} d5 {[#] ...Nd4 is the strong threat.} 19. Neg5 $1 dxc4 20. Bxc4 Nxc4 21. Qxc4 h5 (21... Qd5 $11 {keeps the balance.} 22. Rc1 h6) 22. O-O $16 Qd5 23. Rbc1 Bd7 {[#]} (23... Qxc4 $142 24. Rxc4 Rf5) 24. Bc3 ({Better is} 24. Qc2 $1) 24... Qxc4 25. Bxg7+ {[%mdl 64] Discovered Attack} Kxg7 26. Rxc4 {aiming for b5.} a6 $2 (26... Rf5 $16) 27. Rd1 $18 Rad8 28. Ne5 Nxe5 (28... Bc8 $142 29. Rxd8 Rxd8 30. Nxc6 bxc6 31. Rxc6 Kf8) 29. fxe5 Bc8 (29... Bb5 $142 30. Nxe6+ Kg8 31. Rxd8 Rxd8 32. Nxd8 Bxc4) 30. Rc7+ {White is clearly winning.} Kg8 31. Rdc1 b5 32. Ne4 {Accuracy: White = 55%, Black = 31%.} 1-0

[Event "27th Heraklion Open 2019"]
[Site "Heraklion"]
[Date "2019.09.10"]
[Round "9.7"]
[White "Koutsourakis, Ioannis"]
[Black "Namini, Armin"]
[Result "0-1"]
[WhiteElo "1739"]
[BlackElo "2251"]
[Annotator "NA"]
[PlyCount "70"]
[EventDate "2019.09.03"]
[EventType "swiss"]
[EventCountry "GRE"]
[SourceTitle "playchess.com"]
[Source "ChessBase"]
[SourceQuality "1"]
[TimeControl "40/5400+30:1800+30"]

1. d4 Nf6 2. c4 c5 3. d5 e6 4. Nc3 exd5 5. cxd5 d6 6. e4 g6 7. Nf3 Bg7 8. Be2 O-O 9. O-O Bg4 10. Bg5 Nbd7 11. Nd2 Bxe2 12. Qxe2 Re8 13. Nc4 Nb6 14. f4 Nxc4 15. Qxc4 Qb6 16. Bxf6 Bxf6 17. Rab1 Qb4 18. Qd3 Qd4+ 19. Qxd4 Bxd4+ 20. Kh1 a6 21. Rfe1 b5 22. g3 Re7 23. Kg2 Rae8 24. Kf3 f5 25. Re2 Bxc3 26. bxc3 Rxe4 27. Rxe4 Rxe4 28. Rb2 Kf7 29. g4 Rc4 30. Rb3 Ra4 31. gxf5 gxf5 32. Rb2 Ra3 33. Rc2 b4 34. Ke3 Rxc3+ 35. Rxc3 bxc3 0-1

[Event "27th Heraklion Open 2019"]
[Site "Heraklion"]
[Date "2019.09.10"]
[Round "9.8"]
[White "Fasching, Markus"]
[Black "Hulshof, Peter"]
[Result "0-1"]
[WhiteElo "2029"]
[BlackElo "2180"]
[Annotator "NA"]
[PlyCount "56"]
[EventDate "2019.09.03"]
[EventType "swiss"]
[EventCountry "GRE"]
[SourceTitle "playchess.com"]
[Source "ChessBase"]
[SourceQuality "1"]
[TimeControl "40/5400+30:1800+30"]

1. e4 g6 2. d4 Bg7 3. Nf3 c6 4. Bc4 d5 5. Bb3 Bg4 6. h3 Bxf3 7. Qxf3 e6 8. e5 Nd7 9. Be3 Ne7 10. h4 Nf5 11. h5 Nxe3 12. Qxe3 Qe7 13. h6 Bf8 14. Nd2 c5 15. c3 cxd4 16. cxd4 Qb4 17. Rc1 Be7 18. Rc7 Qb6 19. Qc3 Bb4 20. Qc2 Qxd4 21. Ba4 Bxd2+ 22. Ke2 O-O 23. Bxd7 Bf4 24. Qc3 Qe4+ 25. Kf1 Bxe5 26. f3 Qf4 27. Rh4 Bxc3 28. Rxf4 Be5 0-1

[Event "27th Heraklion Open 2019"]
[Site "Heraklion"]
[Date "2019.09.10"]
[Round "9.9"]
[White "Koutsouraki, Ariadni"]
[Black "Kotsinis, Alexandros"]
[Result "0-1"]
[WhiteElo "1516"]
[BlackElo "1951"]
[Annotator "NA"]
[PlyCount "58"]
[EventDate "2019.09.03"]
[EventType "swiss"]
[EventCountry "GRE"]
[SourceTitle "playchess.com"]
[Source "ChessBase"]
[SourceQuality "1"]
[TimeControl "40/5400+30:1800+30"]

1. e4 a6 2. d4 b5 3. c3 Bb7 4. Bd3 g6 5. Nf3 Bg7 6. h3 d6 7. O-O Nd7 8. Re1 c5 9. dxc5 Nxc5 10. Bc2 Nf6 11. Nbd2 O-O 12. Nd4 Qc7 13. Qe2 e5 14. N4b3 Ne6 15. Nf3 Rfe8 16. Ng5 Nf8 17. Bd2 h6 18. Nf3 d5 19. exd5 Nxd5 20. Rad1 Ne6 21. Be4 Rad8 22. Bc1 f5 23. Bxd5 Bxd5 24. Nxe5 Nc5 25. f4 Ne4 26. Nxg6 Qb6+ 27. Be3 Qxg6 28. Qc2 Qg3 29. Nd4 Nxc3 0-1